Hamilton Lyrics Sort #11 - Satisfied - Statistics

General Stats
  • This quiz has been taken 87 times
    41 since last reset
  • The average score is 39 of 104
Answer Stats
Hint Answer % Correct
Line 1 Alright, alright
93%
Line 5 A toast to the groom (to the groom, to the groom, to the groom)
93%
Line 2 That's what I'm talkin' about
93%
Line 4 Angelica Schuyler
87%
Line 7 From your sister (Angelica, Angelica, Angelica) [1]
87%
Line 3 Now, everyone give it up for the maid of honor
87%
Line 6 To the bride (to the bride, to the bride, to the bride) [1]
87%
Line 9 To your union (to the union, to the revolution) [1]
87%
Line 8 Who is always by your side (by your side, by your side) [1]
87%
Line 10 And the hope that you provide (you provide, you provide) [1]
80%
Line 11 May you always (always) [1]
73%
Line 12 Be satisfied (rewind)
47%
Line 17 I remember that night I just might (rewind) [1]
47%
Line 18 I remember that night I just might (rewind) [2]
47%
Line 26 And when you said, "Hi", I forgot my dang name
40%
Line 23 But Alexander, I'll never forget the first time I saw your face
40%
Line 24 I have never been the same
40%
Line 25 Intelligent eyes in a hunger-pang frame
40%
Line 22 I remember that dreamlike candlelight like a dream that you can't quite place
40%
Line 20 I remember that night, I just might regret that night for the rest of my days
40%
Line 19 I remember that night, I remember that–
40%
Line 21 I remember those soldier boys tripping over themselves to win our praise
40%
Line 27 Set my heart aflame, every part aflame
40%
Line 28 This is not a game
40%
Line 29 You strike me as a woman who has never been satisfied
40%
Line 46 A bit of a posture, it's a bit of a stance
33%
Line 58 And her eyes are just
33%
Line 56 And I know she is
33%
Line 60 And I realize
33%
Line 89 As I romanticize what might have been if I hadn't sized him up so quickly
33%
Line 91 At least I keep his eyes in my life
33%
Line 90 At least my dear Eliza's his wife
33%
Line 88 But when I fantasize at night it's Alexander's eyes
33%
Line 71 Elizabeth Schuyler, it's a pleasure to meet you
33%
Line 51 Handsome, boy, does he know it
33%
Line 55 Helpless [1]
33%
Line 57 Helpless [2]
33%
Line 59 Helpless [3]
33%
Line 47 He's a bit of a flirt, but I'ma give it a chance
33%
Line 75 He's after me 'cause I'm a Schuyler sister, that elevates his status
33%
Line 50 He's penniless, he's flying by the seat of his pants
33%
Line 49 His hands started fidgeting, he looked askance
33%
Line 48 I asked about his family, did you see his answer?
33%
Line 76 I'd have to be naïve to set that aside
33%
Line 85 If I tell her that I love him she'd be sliently resigned, he'd be mine
33%
Line 80 If it takes fighting a war for us to meet, it will have been worth it
33%
Line 83 I know my sister like I know my own mind
33%
Line 30 Is that right?
33%
Line 41 It's Ben Franklin with a key and a kite
33%
Line 40 It's the feeling of freedom, of seein' the light
33%
Line 31 I've never been satisfied
33%
Line 53 I wanna take him far away from this place
33%
Line 77 Maybe that is why I introduce him to Eliza, now that's his bride
33%
Line 44 Maybe three minutes, everything we said in total agreement
33%
Line 73 My sister
33%
Line 78 Nice going, Angelica, he was right, you will never be satisfied
33%
Line 82 Number three
33%
Line 74 Number two
33%
Line 52 Peach fuzz, and he can't even grow it
33%
Line 72 Schuyler?
33%
Line 87 She'd be lying
33%
Line 86 She would say, "I'm fine"
33%
Line 37 So, so, so
33%
Line 38 So this is what it feels like to match wits with someone at your level
33%
Line 79 Thank you for all your service
33%
Line 43 The conversation lasted two minutes
33%
Line 54 Then I turn and see my sister's face, and she is...
33%
Line 61 Three fundamental truths at the exact same time
33%
Line 39 What the hell is the catch?
33%
Line 42 You see it, right?
33%
Line 84 You will never find anyone as trusting or as kind
33%
Line 33 Alexander Hamilton
27%
Line 69 And Alexander is penniless
27%
Line 97 And the hope that you provide (you provide, you provide) [2]
27%
Line 99 Be satisfied (be satisfied, be satisfied, be satisfied)
27%
Line 36 But just you wait, just you wait
27%
Line 16 Drownin', rewind
27%
Line 94 From your sister (Angelica, Angelica, Angelica) [2]
27%
Line 70 Ha! That doesn't mean I want him any less
27%
Line 14 Helpless, sky's, sky's
27%
Line 81 I'll leave you to it
27%
Line 66 I'm a girl in a world in which my only job is to marry rich
27%
Line 45 It's a dream, and it's a bit of a dance
27%
Line 98 May you always (always) [2]
27%
Line 67 My father has no sons, so I'm the one who has to social climb for one
27%
Line 32 My name is Angelica Schuyler
27%
Line 65 Number one
27%
Line 13 Rewind, rewind
27%
Line 68 So I'm the oldest and the wittiest and the gossip in New York City is insidious
27%
Line 93 To the bride (to the bride, to the bride, to the bride) [2]
27%
Line 92 To the groom (to the groom, to the groom, to the groom)
27%
Line 96 To your union (to the union, to the revolution) [2]
27%
Line 35 Unimportant, there's a million things I haven't done
27%
Line 34 Where's your family from?
27%
Line 95 Who is always by your side (by your side, by your side) [2]
27%
Line 100 And I know (be satisfied, be satisfied, be satisfied) [1]
20%
Line 102 And I know (be satisfied, be satisfied, be satisfied) [2]
20%
Line 15 Drownin' in 'em
20%
Line 103 He will never be satisfied
20%
Line 63 I'm about to change your life
20%
Line 104 I will never be satisfied
20%
Line 101 She'll be happy as his bride (be satisfied, be satisfied, be satisfied)
20%
Line 64 Then, by all means, lead the way
20%
Line 62 Where are you taking me?
20%
No matching quizzes found
Score Distribution
Percent of People with Each Score
Percentile by Number Answered
Your Score History
You have not taken this quiz since the last reset